<?xml version="1.0" encoding="UTF-8"?>
<marc:record xmlns:marc="http://www.loc.gov/MARC21/slim">
   <marc:leader>00000nam a2200000 a 4500</marc:leader>
   <marc:datafield ind1="1" ind2=" " tag="100">
      <marc:subfield code="a">Fölck, Romy</marc:subfield>
      <marc:subfield code="4">aut</marc:subfield>
      <marc:subfield code="e">Verfasser/-in</marc:subfield>
   </marc:datafield>
   <marc:datafield ind1=" " ind2=" " tag="653">
      <marc:subfield code="a">Erzählende Literatur: Gegenwartsliteratur ab 1945</marc:subfield>
   </marc:datafield>
   <marc:datafield ind1=" " ind2=" " tag="653">
      <marc:subfield code="a">deutsche Romane</marc:subfield>
   </marc:datafield>
   <marc:datafield ind1=" " ind2=" " tag="653">
      <marc:subfield code="a">Gegenwartsliteratur</marc:subfield>
   </marc:datafield>
   <marc:datafield ind1=" " ind2=" " tag="653">
      <marc:subfield code="a">Deutsche Literatur</marc:subfield>
   </marc:datafield>
   <marc:datafield ind1=" " ind2=" " tag="653">
      <marc:subfield code="a">Freundschaft</marc:subfield>
   </marc:datafield>
   <marc:datafield ind1=" " ind2=" " tag="653">
      <marc:subfield code="a">Wechseljahre</marc:subfield>
   </marc:datafield>
   <marc:datafield ind1=" " ind2=" " tag="653">
      <marc:subfield code="a">Älter werden</marc:subfield>
   </marc:datafield>
   <marc:datafield ind1=" " ind2=" " tag="653">
      <marc:subfield code="a">Zeitgenössische Literatur</marc:subfield>
   </marc:datafield>
   <marc:datafield ind1=" " ind2=" " tag="653">
      <marc:subfield code="a">moderner Roman</marc:subfield>
   </marc:datafield>
   <marc:datafield ind1=" " ind2=" " tag="653">
      <marc:subfield code="a">Last Minute Geschenke</marc:subfield>
   </marc:datafield>
   <marc:datafield ind1=" " ind2=" " tag="653">
      <marc:subfield code="a">Buch für Frauen</marc:subfield>
   </marc:datafield>
   <marc:datafield ind1=" " ind2=" " tag="653">
      <marc:subfield code="a">moderne Literatur</marc:subfield>
   </marc:datafield>
   <marc:datafield ind1=" " ind2=" " tag="653">
      <marc:subfield code="a">Rückkehr der Kraniche</marc:subfield>
   </marc:datafield>
   <marc:datafield ind1=" " ind2=" " tag="653">
      <marc:subfield code="a">Freundschaftsgeschichte</marc:subfield>
   </marc:datafield>
   <marc:datafield ind1=" " ind2=" " tag="653">
      <marc:subfield code="a">Schicksalsschlag</marc:subfield>
   </marc:datafield>
   <marc:datafield ind1=" " ind2=" " tag="653">
      <marc:subfield code="a">Familienroman</marc:subfield>
   </marc:datafield>
   <marc:datafield ind1=" " ind2=" " tag="653">
      <marc:subfield code="a">Wahlfamilie</marc:subfield>
   </marc:datafield>
   <marc:datafield ind1=" " ind2=" " tag="653">
      <marc:subfield code="a">Dörte Hansen</marc:subfield>
   </marc:datafield>
   <marc:datafield ind1=" " ind2=" " tag="653">
      <marc:subfield code="a">Lüneburger Heide</marc:subfield>
   </marc:datafield>
   <marc:datafield ind1=" " ind2=" " tag="653">
      <marc:subfield code="a">Lebenskrise überwinden</marc:subfield>
   </marc:datafield>
   <marc:datafield ind1=" " ind2=" " tag="653">
      <marc:subfield code="a">Umgang mit Krankheit</marc:subfield>
   </marc:datafield>
   <marc:datafield ind1=" " ind2=" " tag="653">
      <marc:subfield code="a">Neuanfang wagen</marc:subfield>
   </marc:datafield>
   <marc:datafield ind1=" " ind2=" " tag="653">
      <marc:subfield code="a">Romane Neuerscheinungen 2024</marc:subfield>
   </marc:datafield>
   <marc:datafield ind1=" " ind2=" " tag="653">
      <marc:subfield code="a">Bücher Neuerscheinungen 2024</marc:subfield>
   </marc:datafield>
   <marc:datafield ind1=" " ind2=" " tag="653">
      <marc:subfield code="a">Norddeutschland</marc:subfield>
   </marc:datafield>
   <marc:datafield ind1=" " ind2=" " tag="653">
      <marc:subfield code="a">anspruchsvolle Literatur</marc:subfield>
   </marc:datafield>
   <marc:datafield ind1=" " ind2=" " tag="653">
      <marc:subfield code="a">Bücher Literatur</marc:subfield>
   </marc:datafield>
   <marc:datafield ind1=" " ind2=" " tag="653">
      <marc:subfield code="a">Neuanfang</marc:subfield>
   </marc:datafield>
   <marc:datafield ind1=" " ind2=" " tag="653">
      <marc:subfield code="a">Emotionen</marc:subfield>
   </marc:datafield>
   <marc:datafield ind1=" " ind2=" " tag="653">
      <marc:subfield code="a">Natur</marc:subfield>
   </marc:datafield>
   <marc:datafield ind1=" " ind2=" " tag="653">
      <marc:subfield code="a">Freunde</marc:subfield>
   </marc:datafield>
   <marc:datafield ind1=" " ind2=" " tag="653">
      <marc:subfield code="a">Wald</marc:subfield>
   </marc:datafield>
   <marc:datafield ind1=" " ind2=" " tag="653">
      <marc:subfield code="a">Naturschutz</marc:subfield>
   </marc:datafield>
   <marc:datafield ind1=" " ind2=" " tag="653">
      <marc:subfield code="a">Heide</marc:subfield>
   </marc:datafield>
   <marc:datafield ind1=" " ind2=" " tag="653">
      <marc:subfield code="a">Sommer</marc:subfield>
   </marc:datafield>
   <marc:datafield ind1=" " ind2=" " tag="653">
      <marc:subfield code="a">Frühling</marc:subfield>
   </marc:datafield>
   <marc:datafield ind1=" " ind2=" " tag="653">
      <marc:subfield code="a">Geheimnisse</marc:subfield>
   </marc:datafield>
   <marc:datafield ind1=" " ind2=" " tag="653">
      <marc:subfield code="a">Garten</marc:subfield>
   </marc:datafield>
   <marc:datafield ind1=" " ind2=" " tag="653">
      <marc:subfield code="a">naturverbunden</marc:subfield>
   </marc:datafield>
   <marc:datafield ind1="0" ind2="0" tag="245">
      <marc:subfield code="a">Das Licht in den Birken</marc:subfield>
   </marc:datafield>
   <marc:datafield ind1="0" ind2="0" tag="245">
      <marc:subfield code="b">Roman</marc:subfield>
   </marc:datafield>
   <marc:datafield ind1="0" ind2="0" tag="245">
      <marc:subfield code="c">Fölck, Romy</marc:subfield>
   </marc:datafield>
   <marc:datafield ind1=" " ind2="1" tag="264">
      <marc:subfield code="a">Hamburg</marc:subfield>
      <marc:subfield code="b">ROWOHLT Wunderlich</marc:subfield>
      <marc:subfield code="c">2024</marc:subfield>
   </marc:datafield>
   <marc:datafield ind1=" " ind2=" " tag="250">
      <marc:subfield code="a">1. Auflage</marc:subfield>
   </marc:datafield>
   <marc:datafield ind1="1" ind2=" " tag="520">
      <marc:subfield code="a">Nach "Die Rückkehr der Kraniche" der neue Roman der Bestseller-Autorin Romy Fölck - eine Geschichte über Freundschaft und Neuanfang entführt uns auf einen alten Hof in die Lüneburger Heide.&#xD;
&#xD;
Thea wagt mit Mitte fünfzig einen Neuanfang und kehrt nach über zwanzig Jahren im sonnigen Portugal zurück in ihre norddeutsche Heimat. Sie zieht mit ihren beiden Ziegen auf einen idyllischen Hof in die Lüneburger Heide. Hier will sie zur Ruhe kommen und Frieden mit ihrer Vergangenheit schließen. Das Ankommen ist alles andere als einfach – der Hofbesitzer Benno hat ein Händchen für Tiere und Pflanzen, aber anderen Menschen begegnet er schroff.&#xD;
&#xD;
Thea und Benno schaffen es, sich anzunähern als sie einer jungen Frau helfen, die sich beim Wandern den Fuß verletzt hat. Juli bleibt nichts anderes übrig, sie muss ihre Reise aufschieben. Weil es schlecht um den Lebenshof für Tiere steht, werfen Thea und Juli ihre Vorbehalte über Bord und setzen alles daran, Bennos Lebenswerk zu retten.&#xD;
&#xD;
&#xD;
Thea&#xD;
Thea kehrt nach über zwanzig Jahren aus Portugal zurück in ihre norddeutsche Heimat, im Schlepptau hat sie ihre beiden Ziegen. Ein Neuanfang mit Mitte fünfzig? Thea ist tatkräftig, temperamentvoll und lebenslustig – und doch muss sie für diesen Schritt eine Menge Mut aufbringen. Sie ist fest entschlossen, sich ihrer Vergangenheit zu stellen und zu ihren Wurzeln zurückzukehren. Aber sie hegt auch Zweifel, ob ihre Entscheidung, ihr Leben komplett umzukrempeln, richtig war. Bis sie auf Bennos Hof eine neue Lebensaufgabe findet.&#xD;
&#xD;
&#xD;
Benno&#xD;
Benno lebt seit Jahren zurückgezogen auf seinem Hof in der Lüneburger Heide. Ihm reichen seine Tiere, seine täglichen Routinen und seine Leidenschaft: das Kochen mit allem, was sein Bauerngarten hergibt. Doch dem Lebenshof geht es schlecht, und er braucht dringend Geld – ihm bleibt nichts anderes übrig, als eine Wohnung im alten Kesselhaus zu vermieten. Durch seine neue Mieterin verändert sich sein Alltag auf dem Hof, was anfangs Ängste in ihm schürt, bis er merkt, dass auch er sich zum Besseren ändern kann.&#xD;
&#xD;
&#xD;
Juli&#xD;
Juli wandert nach Amsterdam, eine Reise, die sie eigentlich gemeinsam mit ihrem Großvater geplant hatte. Doch dieser ist verstorben, und Juli macht sich allein auf den Weg – und je weiter sie geht, umso mehr schafft sie es, sich von der schwierigen Beziehung zu ihrer Mutter, von Erwartungen und Enttäuschungen zu lösen. Im Wald fühlt sie sich wohl, sie, die früher immer das Waldmädchen gerufen wurde, ist fest entschlossen, ihr Vorhaben durchzuziehen. Ein Sturz bringt ihre Reise abrupt zum Ende, und sie landet auf Bennos Hof – doch vielleicht stimmt es wirklich, dass der Weg das Ziel ist und dass es eine Bestimmung im Leben gibt?</marc:subfield>
   </marc:datafield>
   <marc:datafield ind1=" " ind2=" " tag="020">
      <marc:subfield code="a">9783805201117</marc:subfield>
      <marc:subfield code="9">9783805201117</marc:subfield>
   </marc:datafield>
   <marc:datafield ind1=" " ind2=" " tag="020">
      <marc:subfield code="a">3805201117</marc:subfield>
      <marc:subfield code="9">3805201117</marc:subfield>
   </marc:datafield>
   <marc:datafield ind1=" " ind2=" " tag="041">
      <marc:subfield code="a">ger</marc:subfield>
   </marc:datafield>
   <marc:datafield ind1=" " ind2=" " tag="338">
      <marc:subfield code="a">Band</marc:subfield>
   </marc:datafield>
   <marc:datafield ind1=" " ind2=" " tag="300">
      <marc:subfield code="a">352 Seiten</marc:subfield>
   </marc:datafield>
</marc:record>
